[Event "Oberliga Nord N 2324"]
[Site "Germany"]
[Date "2024.03.17"]
[Round "7.8"]
[White "Bohnsack, Ralf"]
[Black "Kluenger, Marc"]
[Result "0-1"]
[WhiteElo "2157"]
[BlackElo "2199"]
[PlyCount "64"]
[EventDate "2023.10.22"]
[EventType "team-tourn"]
[EventRounds "9"]
[EventCountry "GER"]
[SourceTitle "EXT 2025"]
[Source "ChessBase"]
[SourceDate "2024.10.14"]
[SourceVersion "1"]
[SourceVersionDate "2024.10.14"]
[SourceQuality "1"]
[WhiteTeam "Norderstedt"]
[BlackTeam "Hamburg Schachfreunde"]
[WhiteTeamCountry "GER"]
[BlackTeamCountry "GER"]

1. d4 d5 2. Nf3 Nf6 3. c4 dxc4 4. Nc3 a6 5. a4 Nc6 6. e3 Na5 7. Nd2 Be6 8. Be2 g6 9. 0-0 Bg7 10. Nf3 c6 11. e4 h6 12. h3 Nb3 13. Rb1 b5 14. Be3 0-0 15. Qc2 Qa5 16. Rbd1 Rfd8 17. Ne5 Rac8 18. f4 Nd7 19. d5 cxd5 20. Nxd7 d4 21. f5 Bxd7 22. Nd5 dxe3 23. Nxe7+ Kh7 24. fxg6+ fxg6 25. e5 Be8 26. Nxc8 Rxc8 27. Rd5 Rd8 28. Rd6 Bxe5 29. Re6 Nd4 30. Re7+ Bg7 31. Qe4 Nxe2+ 32. Kh2 Rd7 0-1

[Event "Oberliga Nord N 2324"]
[Site "Germany"]
[Date "2023.11.19"]
[Round "2.8"]
[White "Bohnsack, Ralf"]
[Black "Guindy, Esmat Susanne"]
[Result "1-0"]
[WhiteElo "2157"]
[BlackElo "2021"]
[PlyCount "129"]
[EventDate "2023.10.22"]
[EventType "team-tourn"]
[EventRounds "9"]
[EventCountry "GER"]
[SourceTitle "EXT 2025"]
[Source "ChessBase"]
[SourceDate "2024.10.14"]
[SourceVersion "1"]
[SourceVersionDate "2024.10.14"]
[SourceQuality "1"]
[WhiteTeam "Norderstedt"]
[BlackTeam "Preetz"]
[WhiteTeamCountry "GER"]
[BlackTeamCountry "GER"]

1. d4 d5 2. Nf3 Bf5 3. c4 e6 4. Nc3 c6 5. cxd5 exd5 6. Bf4 Nf6 7. e3 Qb6 8. Qc1 h6 9. Be2 Nbd7 10. 0-0 Be7 11. Ne1 0-0 12. Bd3 Bxd3 13. Nxd3 Ne4 14. Qc2 Rac8 15. b4 Nxc3 16. Qxc3 a5 17. bxa5 Qa7 18. Rab1 c5 19. dxc5 Nxc5 20. Nxc5 Rxc5 21. Qb4 Ra8 22. Be5 Qxa5 23. Qxa5 Raxa5 24. Rxb7 Bf8 25. Rd7 Rc8 26. g4 f6 27. Bd4 Rxa2 28. Rxd5 Rac2 29. Rb1 Rc1+ 30. Rxc1 Rxc1+ 31. Kg2 Kf7 32. Rd7+ Kg6 33. h4 h5 34. gxh5+ Kxh5 35. Rf7 Rc8 36. Kh3 Re8 37. Rd7 Kh6 38. Kg4 Re4+ 39. f4 Re8 40. Rb7 Be7 41. h5 Bd6 42. Kf5 Bf8 43. Rb1 Rd8 44. Rh1 Rd6 45. Rh2 Ra6 46. e4 Ra4 47. Be3 Ra5+ 48. e5 Ra6 49. Rg2 Ra3 50. Re2 Ra5 51. Rg2 Ra3 52. Bc1 Rc3 53. Bb2 Rh3 54. exf6 Rxh5+ 55. Ke6 g5 56. Kf7 gxf4 57. Kxf8 f3 58. Rf2 Rf5 59. Kf7 Kg5 60. Ke6 Kg6 61. Bd4 Rf4 62. Kd5 Kf7 63. Be5 Rf5 64. Ke4 Ke6 65. Bd4 1-0

[Event "Bundesliga 1213"]
[Site "Germany"]
[Date "2013.04.07"]
[Round "15.7"]
[White "Carlstedt, Jonathan"]
[Black "Bohnsack, Ralf"]
[Result "1-0"]
[WhiteElo "2383"]
[BlackElo "2153"]
[PlyCount "113"]
[EventDate "2012.10.20"]
[EventType "team-tourn"]
[EventRounds "15"]
[EventCountry "GER"]
[SourceTitle "CBM 154"]
[Source "ChessBase"]
[SourceDate "2013.05.15"]
[SourceVersion "1"]
[SourceVersionDate "2013.05.15"]
[SourceQuality "1"]
[WhiteTeam "Wiesbaden"]
[BlackTeam "Norderstedt"]
[WhiteTeamCountry "GER"]
[BlackTeamCountry "GER"]

1. c4 c5 2. Nc3 Nc6 3. e3 Nf6 4. d4 cxd4 5. exd4 d5 6. c5 g6 7. Bb5 Bg7 8. Nge2 0-0 9. 0-0 Bg4 10. f3 Bd7 11. Bg5 e6 12. a3 a6 13. Ba4 b6 14. b4 bxc5 15. dxc5 Ne5 16. Bb3 Bb5 17. Nxb5 axb5 18. Nd4 Qd7 19. a4 Nc6 20. Nc2 Qb7 21. Qd2 Nd7 22. Ra2 Nde5 23. axb5 Qxb5 24. Rfa1 Nxf3+ 25. gxf3 Bxa1 26. Rxa1 Rxa1+ 27. Nxa1 Qxb4 28. Qxb4 Nxb4 29. Nc2 Nd3 30. c6 Nc5 31. Be7 Rc8 32. Bxc5 Rxc6 33. Bd4 f5 34. Be5 Kf7 35. Kf2 g5 36. Ke2 Ra6 37. Kd3 h5 38. Nb4 Ra3 39. Kc2 Ra5 40. Nd3 f4 41. Bc3 Ra8 42. Kd2 Rg8 43. h3 Ke7 44. Ne5 Ra8 45. Kd3 Rg8 46. Kd4 Ra8 47. Bc2 Kf6 48. Kd3 Ke7 49. Bb1 Rg8 50. Kd2 Rc8 51. Bg6 Kf6 52. Bxh5 Ra8 53. Nc6+ e5 54. Bxe5+ Ke6 55. Bg4+ Kf7 56. Kd3 Ra4 57. Bc3 1-0

[Event "Bundesliga 1213"]
[Site "Germany"]
[Date "2012.11.10"]
[Round "3.8"]
[White "Bohnsack, Ralf"]
[Black "Saltaev, Mihail"]
[Result "1/2-1/2"]
[WhiteElo "2153"]
[BlackElo "2479"]
[PlyCount "42"]
[EventDate "2012.10.20"]
[EventType "team-tourn"]
[EventRounds "15"]
[EventCountry "GER"]
[SourceTitle "CBM 151"]
[Source "ChessBase"]
[SourceDate "2012.11.13"]
[SourceVersion "1"]
[SourceVersionDate "2012.11.13"]
[SourceQuality "1"]
[WhiteTeam "Norderstedt"]
[BlackTeam "Muelheim"]
[WhiteTeamCountry "GER"]
[BlackTeamCountry "GER"]

1. d4 Nf6 2. Nf3 g6 3. c4 d6 4. Nc3 Nbd7 5. e4 e5 6. Be2 Bg7 7. 0-0 0-0 8. Qc2 c6 9. Rd1 Qe7 10. d5 c5 11. Bg5 h6 12. Bd2 Ne8 13. g3 Nb6 14. Nh4 h5 15. a3 Bf6 16. Ng2 h4 17. b4 Nd7 18. Bg4 Nb6 19. Be2 Nd7 20. Bg4 Nb6 21. Be2 Nd7 1/2-1/2

[Event "BL2-Nord 0708"]
[Site "Germany"]
[Date "2007.12.08"]
[Round "6.7"]
[White "Bohnsack, Ralf"]
[Black "Elmali, Timur"]
[Result "1-0"]
[WhiteElo "2182"]
[BlackElo "2122"]
[PlyCount "69"]
[EventDate "2007.10.21"]
[EventType "team-tourn"]
[EventRounds "9"]
[EventCountry "GER"]
[SourceTitle "EXT 2009"]
[Source "ChessBase"]
[SourceDate "2008.11.26"]
[SourceVersion "1"]
[SourceVersionDate "2008.11.26"]
[SourceQuality "1"]
[WhiteTeam "Norderstedt "]
[BlackTeam "Werder Bremen  II"]
[WhiteTeamCountry "GER"]
[BlackTeamCountry "GER"]

1. d4 Nf6 2. Nf3 g6 3. c4 Bg7 4. Nc3 d6 5. e4 0-0 6. Be2 e5 7. d5 c6 8. Bg5 h6 9. Bh4 Na6 10. Nd2 Bd7 11. 0-0 g5 12. Bg3 Rb8 13. Rb1 b5 14. cxb5 cxb5 15. a4 b4 16. Nb5 Nc5 17. f3 a6 18. Nxd6 Bxa4 19. b3 Qxd6 20. bxa4 Nh5 21. Nc4 Qe7 22. Bf2 Rfc8 23. Na5 Qd6 24. Nc6 Nf4 25. Bc4 Rb7 26. Qc2 Bf8 27. Kh1 Rxc6 28. dxc6 Rb6 29. Rfd1 Qxc6 30. Bd5 b3 31. Qc4 Nxd5 32. exd5 Qxa4 33. Qxa4 Nxa4 34. Bxb6 Nxb6 35. Rxb3 1-0

[Event "Oberliga Nord N 0405"]
[Site "Germany"]
[Date "2004.12.12"]
[Round "4.8"]
[White "Jendrian, Michael"]
[Black "Bohnsack, Ralf"]
[Result "0-1"]
[WhiteElo "2074"]
[BlackElo "2156"]
[PlyCount "52"]
[EventDate "2004.10.24"]
[EventType "team-tourn"]
[EventRounds "9"]
[EventCountry "GER"]
[SourceTitle "EXT 2006"]
[Source "ChessBase"]
[SourceDate "2005.11.24"]
[SourceVersion "1"]
[SourceVersionDate "2005.11.24"]
[SourceQuality "1"]
[WhiteTeam "Neumuenster"]
[BlackTeam "Norderstedt"]
[WhiteTeamCountry "GER"]
[BlackTeamCountry "GER"]

1. f4 g6 2. Nf3 Bg7 3. g3 d5 4. d3 c6 5. Bg2 Nh6 6. e3 Qb6 7. Nc3 Nd7 8. d4 Nf5 9. Kf2 Nf6 10. Ne5 0-0 11. Qe1 Nd6 12. h3 Nfe4+ 13. Nxe4 Nxe4+ 14. Bxe4 dxe4 15. Ng4 Be6 16. Kg2 c5 17. c3 Qc6 18. b3 a5 19. Ba3 b6 20. Qe2 a4 21. b4 cxb4 22. cxb4 Qc3 23. Qb2 Rfc8 24. Rhc1 Qd3 25. Rd1 Rc2+ 26. Kg1 Qe2 0-1

[Event "Oberliga Nord N 0304"]
[Site "Germany"]
[Date "2004.01.18"]
[Round "5.7"]
[White "Schuett, Wilhelm"]
[Black "Bohnsack, Ralf"]
[Result "1-0"]
[WhiteElo "2099"]
[BlackElo "2207"]
[PlyCount "118"]
[EventDate "2003.10.12"]
[EventType "team-tourn"]
[EventRounds "9"]
[EventCountry "GER"]
[SourceTitle "EXT 2005"]
[Source "ChessBase"]
[SourceDate "2004.11.15"]
[SourceVersion "1"]
[SourceVersionDate "2004.11.15"]
[SourceQuality "1"]
[WhiteTeam "Hamburger SG BUE"]
[BlackTeam "Norderstedt"]
[WhiteTeamCountry "GER"]
[BlackTeamCountry "GER"]

1. e4 c5 2. Nf3 Nc6 3. d4 cxd4 4. Nxd4 Nf6 5. Nc3 e5 6. Ndb5 d6 7. Bg5 a6 8. Na3 b5 9. Bxf6 gxf6 10. Nd5 Bg7 11. Bd3 Ne7 12. Nxe7 Qxe7 13. 0-0 0-0 14. Qh5 f5 15. c3 Rb8 16. exf5 e4 17. Rfe1 d5 18. Nc2 Qf6 19. Bf1 Qxf5 20. Qxf5 Bxf5 21. Rad1 Be6 22. Nb4 a5 23. Nxd5 Bxd5 24. Rxd5 b4 25. cxb4 axb4 26. Rxe4 Bxb2 27. Rg4+ Kh8 28. Rd7 Rbd8 29. Rxd8 Rxd8 30. Rxb4 Rd2 31. Rf4 f6 32. a4 Be5 33. Re4 Bd4 34. Re2 Rxe2 35. Bxe2 Kg7 36. a5 Kf8 37. Bd3 h6 38. g3 Ke7 39. Kg2 Kd6 40. f3 Kc5 41. Kh3 Bg1 42. g4 Kd4 43. Be4 Ke5 44. a6 Bf2 45. Kg2 Be3 46. Kg3 Kd6 47. Kh4 Ke7 48. Kh5 Kf7 49. f4 Kg7 50. Kh4 Bf2+ 51. Kh3 Kf7 52. Kg2 Ba7 53. Kf3 Ke7 54. Bf5 Kd6 55. Ke4 Kc7 56. Be6 Kd6 57. Kf5 Ke7 58. Bc4 Bd4 59. Kg6 Be3 1-0

[Event "Schleswig Holstein-ch M 58th"]
[Site "Luetjenburg"]
[Date "2003.??.??"]
[Round "5"]
[White "Bohnsack, Ralf"]
[Black "Voelzke, Ferdinand"]
[Result "0-1"]
[WhiteElo "2214"]
[BlackElo "2215"]
[PlyCount "126"]
[EventDate "2003.??.??"]
[EventType "swiss"]
[EventRounds "9"]
[EventCountry "GER"]
[SourceTitle "EXT 2010"]
[Source "ChessBase"]
[SourceDate "2010.11.25"]
[SourceVersion "1"]
[SourceVersionDate "2010.11.25"]
[SourceQuality "1"]

1. d4 Nf6 2. Nf3 e6 3. c4 Bb4+ 4. Bd2 Qe7 5. g3 b6 6. Bg2 Bb7 7. 0-0 Bxd2 8. Qxd2 0-0 9. Nc3 Ne4 10. Qc2 Nxc3 11. Qxc3 d6 12. Rfd1 Nd7 13. Rac1 a5 14. b3 f5 15. Ne5 Bxg2 16. Nxd7 Qxd7 17. Kxg2 f4 18. c5 fxg3 19. hxg3 bxc5 20. dxc5 d5 21. c6 Qd6 22. Qd4 Rfb8 23. Qd3 Rb6 24. Rh1 g6 25. Rh6 Kg7 26. Rch1 Rh8 27. Qc3+ d4 28. Qxa5 Rxc6 29. Qd2 Rc5 30. R6h4 e5 31. f3 Rc3 32. Rc1 Re3 33. Rc4 Rf8 34. Kf2 Rf7 35. Rcxd4 exd4 36. Rxd4 Rxe2+ 37. Kxe2 Qxg3 38. Qe3 Qg2+ 39. Qf2 Re7+ 40. Re4 Rxe4+ 41. fxe4 Qxe4+ 42. Kd2 Qe5 43. a4 h5 44. Qe3 Kf6 45. Qf3+ Ke6 46. Kc1 g5 47. Qxh5 Qc3+ 48. Kd1 Qxb3+ 49. Kd2 Qd5+ 50. Kc3 Kd7 51. Qg4+ Kc6 52. Qc8 Qc5+ 53. Kb3 Kb6 54. Qb8+ Ka6 55. Qa8+ Qa7 56. Qg8 Qe3+ 57. Ka2 Ka7 58. Qc4 Qe5 59. Ka3 c5 60. Ka2 Qh2+ 61. Ka3 Qg3+ 62. Ka2 Qf2+ 63. Ka3 Qe3+ 0-1

[Event "Schleswig Holstein-ch M 58th"]
[Site "Luetjenburg"]
[Date "2003.??.??"]
[Round "7"]
[White "Jochens, Arne"]
[Black "Bohnsack, Ralf"]
[Result "1/2-1/2"]
[WhiteElo "2192"]
[BlackElo "2214"]
[PlyCount "25"]
[EventDate "2003.??.??"]
[EventType "swiss"]
[EventRounds "9"]
[EventCountry "GER"]
[SourceTitle "EXT 2010"]
[Source "ChessBase"]
[SourceDate "2010.11.25"]
[SourceVersion "1"]
[SourceVersionDate "2010.11.25"]
[SourceQuality "1"]

1. e4 c5 2. Nf3 Nc6 3. d4 cxd4 4. Nxd4 Nf6 5. Nc3 e5 6. Ndb5 d6 7. Bg5 a6 8. Na3 b5 9. Bxf6 gxf6 10. Nd5 Bg7 11. Bd3 Ne7 12. Nxe7 Qxe7 13. c3 1/2-1/2

[Event "Schleswig Holstein-ch M 58th"]
[Site "Luetjenburg"]
[Date "2003.??.??"]
[Round "4"]
[White "Michailow, Sergej"]
[Black "Bohnsack, Ralf"]
[Result "1-0"]
[WhiteElo "2179"]
[BlackElo "2214"]
[PlyCount "77"]
[EventDate "2003.??.??"]
[EventType "swiss"]
[EventRounds "9"]
[EventCountry "GER"]
[SourceTitle "EXT 2010"]
[Source "ChessBase"]
[SourceDate "2010.11.25"]
[SourceVersion "1"]
[SourceVersionDate "2010.11.25"]
[SourceQuality "1"]

1. a3 c5 2. b4 e6 3. Bb2 Nf6 4. bxc5 Bxc5 5. d4 Be7 6. Nd2 d5 7. e3 b6 8. Ngf3 0-0 9. Bd3 Ba6 10. c4 Qc8 11. Ne5 Nbd7 12. Rc1 Qb7 13. 0-0 Rac8 14. f4 Ne4 15. Nxd7 Qxd7 16. Nxe4 dxe4 17. Bxe4 Bxc4 18. Rxc4 Rxc4 19. Bxh7+ Kxh7 20. Qd3+ f5 21. Qxc4 Rc8 22. Qd3 Qd5 23. g4 g6 24. g5 Kg8 25. h4 Kf7 26. h5 gxh5 27. Rf2 Kg6 28. Qe2 b5 29. Rh2 Rh8 30. Qc2 Rd8 31. Qc3 Qc4 32. Qe1 Qd5 33. Rc2 Rd7 34. Kf2 Bd8 35. Rc5 Qb3 36. Qe2 a6 37. e4 Kg7 38. d5+ Kg8 39. Rc3 1-0

[Event "Oberliga Nord N 0102"]
[Site "Germany"]
[Date "2001.11.11"]
[Round "2.5"]
[White "Reyer, Ulli"]
[Black "Bohnsack, Ralf"]
[Result "1/2-1/2"]
[WhiteElo "2225"]
[BlackElo "2210"]
[PlyCount "95"]
[EventDate "2001.10.07"]
[EventType "team-tourn"]
[EventRounds "9"]
[EventCountry "GER"]
[SourceTitle "EXT 2002"]
[Source "ChessBase"]
[SourceDate "2001.11.25"]
[SourceVersion "1"]
[SourceVersionDate "2001.11.25"]
[SourceQuality "1"]
[WhiteTeam "Neukloster II"]
[BlackTeam "Norderstedt"]
[WhiteTeamCountry "GER"]
[BlackTeamCountry "GER"]

1. e4 c5 2. Nf3 Nc6 3. Bb5 d6 4. 0-0 Bd7 5. c3 Nf6 6. Re1 a6 7. Ba4 b5 8. Bc2 Bg4 9. h3 Bh5 10. d3 e6 11. Nbd2 Be7 12. Nf1 0-0 13. Ng3 Bg6 14. Nh4 d5 15. f4 dxe4 16. Nxg6 hxg6 17. dxe4 Qc7 18. Qf3 Nd7 19. e5 Bh4 20. Qg4 Bxg3 21. Qxg3 Ne7 22. Be3 Nd5 23. h4 Rfd8 24. Qg4 Nf8 25. h5 gxh5 26. Qxh5 c4 27. Kh2 f5 28. exf6 Nxf6 29. Qf3 Nd5 30. g3 Nxe3 31. Qxe3 Qa7 32. Rad1 Qxe3 33. Rxe3 Kf7 34. Ree1 Nd7 35. Rd4 Nc5 36. Red1 Ke7 37. b4 cxb3 38. axb3 Rxd4 39. Rxd4 Rc8 40. b4 Na4 41. c4 Nb6 42. c5 Nc4 43. Be4 a5 44. c6 Rc7 45. bxa5 Nxa5 46. Rb4 Nxc6 47. Rxb5 Nd4 48. Rb7 1/2-1/2

[Event "Oberliga Nord N 0102"]
[Site "Germany"]
[Date "2001.10.07"]
[Round "1.6"]
[White "Schuett, Wilhelm"]
[Black "Bohnsack, Ralf"]
[Result "1/2-1/2"]
[WhiteElo "2100"]
[BlackElo "2210"]
[PlyCount "158"]
[EventDate "2001.10.07"]
[EventType "team-tourn"]
[EventRounds "9"]
[EventCountry "GER"]
[SourceTitle "EXT 2002"]
[Source "ChessBase"]
[SourceDate "2001.11.25"]
[SourceVersion "1"]
[SourceVersionDate "2001.11.25"]
[SourceQuality "1"]
[WhiteTeam "Hamburger SG BUE"]
[BlackTeam "Norderstedt"]
[WhiteTeamCountry "GER"]
[BlackTeamCountry "GER"]

1. e4 c5 2. Nf3 Nc6 3. b3 a6 4. Bb2 d6 5. d4 cxd4 6. Nxd4 Bd7 7. c4 Nf6 8. Nc3 e6 9. Be2 Be7 10. 0-0 0-0 11. Kh1 Qc7 12. f4 Rfd8 13. Rc1 Qb6 14. Na4 Qc7 15. Nc3 Qb6 16. Nf3 Qe3 17. Ng5 h6 18. Rf3 Qa7 19. Nh3 e5 20. f5 Nd4 21. Rd3 b5 22. Nd5 Nxd5 23. cxd5 Bf6 24. b4 Rac8 25. Rdc3 Qb7 26. g4 Rxc3 27. Rxc3 Rc8 28. Ng1 Rxc3 29. Bxc3 Qc7 30. Qd3 Kf8 31. Kg2 Qb6 32. Bxd4 exd4 33. Qc2 Be5 34. Nf3 f6 35. Nd2 Qb7 36. Nb3 Qc8 37. Qxc8+ Bxc8 38. Bd3 Ke8 39. h3 Kd8 40. Kf3 Kc7 41. Ke2 Bd7 42. Kd1 Be8 43. Kc2 Bd7 44. Nd2 Be8 45. Nf3 Bd7 46. Be2 Be8 47. Kd3 Kd8 48. Bf1 Kd7 49. Kc2 Kd8 50. a4 Kc7 51. a5 Kd8 52. Be2 Kc7 53. Kd3 Kd8 54. h4 Kd7 55. g5 Bh5 56. gxf6 gxf6 57. Ng1 Be8 58. Nh3 Bg3 59. Kc2 Bxh4 60. Nf4 Be1 61. Kb3 Bf2 62. Kc2 h5 63. Kd1 h4 64. Bf3 Be3 65. Nd3 Bg5 66. Ne1 h3 67. Nd3 h2 68. Nf2 Bh4 69. Ng4 Bg3 70. Ke2 d3+ 71. Kd2 Bf7 72. Kd1 Bf4 73. Nf2 Be5 74. Kd2 Bf4+ 75. Kxd3 Bg3 76. Ke2 Bh5 77. Bxh5 Bxf2 78. Bf3 Bd4 79. Kd3 Be5 1/2-1/2

[Event "Schleswig Holstein-ch M 56th"]
[Site "Eckernfoerde"]
[Date "2001.??.??"]
[Round "1"]
[White "Bohnsack, Ralf"]
[Black "Christ, Ralf"]
[Result "1/2-1/2"]
[WhiteElo "2216"]
[BlackElo "2265"]
[PlyCount "96"]
[EventDate "2001.04.??"]
[EventType "swiss"]
[EventRounds "9"]
[EventCountry "GER"]
[SourceTitle "EXT 2004"]
[Source "ChessBase"]
[SourceDate "2003.11.25"]
[SourceVersion "1"]
[SourceVersionDate "2003.11.25"]
[SourceQuality "1"]

1. d4 Nf6 2. Nf3 g6 3. c4 Bg7 4. Nc3 d5 5. cxd5 Nxd5 6. g3 Nb6 7. Bg2 Nc6 8. e3 0-0 9. 0-0 Re8 10. d5 Na5 11. Nd4 Bd7 12. Qe2 c6 13. dxc6 Bxc6 14. Nxc6 Nxc6 15. Rd1 Qc7 16. Bd2 Red8 17. Nb5 Qe5 18. Bc3 Qc5 19. Bxg7 Kxg7 20. Rac1 Rxd1+ 21. Rxd1 a6 22. Nd4 Nd8 23. Qd2 Rc8 24. Nb3 Qc7 25. h4 h5 26. Bh3 e6 27. Rc1 Qd7 28. Rxc8 Qxd2 29. Nxd2 Nxc8 30. Bg2 Nd6 31. Kf1 Kf6 32. Ke2 Ke7 33. Kd3 e5 34. Kc3 Kd7 35. Kb4 Kc7 36. Kc5 Nc6 37. Bxc6 bxc6 38. e4 f6 39. a4 Nb7+ 40. Kb4 c5+ 41. Kc3 Nd6 42. f3 Kc6 43. g4 Kd7 44. gxh5 gxh5 45. Nf1 f5 46. Ng3 f4 47. Nf5 Ne8 48. Kc4 Kc6 1/2-1/2

[Event "Schleswig Holstein-ch M 56th"]
[Site "Eckernfoerde"]
[Date "2001.??.??"]
[Round "7"]
[White "Bohnsack, Ralf"]
[Black "Schwarz, Frank"]
[Result "0-1"]
[WhiteElo "2216"]
[BlackElo "2194"]
[PlyCount "66"]
[EventDate "2001.04.??"]
[EventType "swiss"]
[EventRounds "9"]
[EventCountry "GER"]
[SourceTitle "EXT 2004"]
[Source "ChessBase"]
[SourceDate "2003.11.25"]
[SourceVersion "1"]
[SourceVersionDate "2003.11.25"]
[SourceQuality "1"]

1. d4 Nf6 2. Nf3 g6 3. c4 Bg7 4. Nc3 0-0 5. e4 d6 6. Be2 e5 7. d5 Nbd7 8. Bg5 h6 9. Bh4 g5 10. Bg3 Nh5 11. h4 g4 12. Nh2 Nxg3 13. fxg3 h5 14. 0-0 f5 15. Rxf5 Rxf5 16. exf5 Nc5 17. Bd3 e4 18. Nxe4 Nxe4 19. Bxe4 Qe7 20. Qc2 Bd4+ 21. Kh1 Bf6 22. Nf1 Bd7 23. Rb1 Re8 24. Bd3 Qe5 25. a3 c6 26. dxc6 Bxc6 27. Qf2 a5 28. b4 Qc3 29. Rd1 axb4 30. axb4 Qxb4 31. Ne3 Qc5 32. Re1 Bd4 33. f6 Rxe3 0-1

[Event "Schleswig Holstein-ch M 56th"]
[Site "Eckernfoerde"]
[Date "2001.??.??"]
[Round "2"]
[White "Scheerer, Christoph"]
[Black "Bohnsack, Ralf"]
[Result "1-0"]
[WhiteElo "2328"]
[BlackElo "2216"]
[PlyCount "81"]
[EventDate "2001.04.??"]
[EventType "swiss"]
[EventRounds "9"]
[EventCountry "GER"]
[SourceTitle "EXT 2004"]
[Source "ChessBase"]
[SourceDate "2003.11.25"]
[SourceVersion "1"]
[SourceVersionDate "2003.11.25"]
[SourceQuality "1"]

1. e4 c5 2. c3 d5 3. exd5 Qxd5 4. d4 Nf6 5. Nf3 Bg4 6. Be2 e6 7. h3 Bh5 8. c4 Qd7 9. d5 Bd6 10. Nc3 0-0 11. Bg5 Ne8 12. Qd2 Bxf3 13. Bxf3 e5 14. g4 Be7 15. Be3 Nd6 16. b3 Qd8 17. Ne4 Nd7 18. Nxd6 Bxd6 19. Be4 Nf6 20. f3 a6 21. Rc1 a5 22. a4 Ra6 23. Qf2 Be7 24. 0-0 Nxe4 25. fxe4 Rf6 26. Qg3 Rxf1+ 27. Rxf1 Qd6 28. h4 b6 29. Kg2 f6 30. Rf5 g6 31. Rf1 Rf7 32. Bd2 Bf8 33. Bc3 Bg7 34. Qh3 Qd7 35. h5 g5 36. h6 Bf8 37. Qh5 Qe7 38. Bd2 Kh8 39. Bxg5 Kg8 40. Bh4 Qd6 41. g5 1-0

[Event "Norderstedt op2"]
[Site "Norderstedt"]
[Date "2000.11.02"]
[Round "8"]
[White "Bohnsack, Ralf"]
[Black "Porth, Hartmut"]
[Result "0-1"]
[WhiteElo "2232"]
[BlackElo "2188"]
[PlyCount "56"]
[EventDate "2000.11.??"]
[EventType "swiss"]
[EventRounds "9"]
[EventCountry "GER"]
[SourceTitle "CBM 079 Extra"]
[Source "ChessBase"]
[SourceDate "2001.01.11"]
[SourceVersion "2"]
[SourceVersionDate "2001.01.25"]
[SourceQuality "1"]

1. d4 Nc6 2. c4 e5 3. d5 Nce7 4. g3 Ng6 5. a3 a5 6. Nc3 Nf6 7. h4 Bc5 8. Bh3 h6 9. Rb1 d6 10. b4 axb4 11. axb4 Bd4 12. Nb5 Bb6 13. h5 Ne7 14. Bxc8 Qxc8 15. Qc2 Qd7 16. Nc3 Bd4 17. Bd2 Bxc3 18. Bxc3 Qf5 19. Qxf5 Nxf5 20. Kd1 Kd7 21. Nh3 Ra2 22. g4 Nxg4 23. e4 Ne7 24. Rg1 Nxf2+ 25. Nxf2 Rxf2 26. Rxg7 Rg8 27. Rh7 Rf1+ 28. Be1 Rxe1+ 0-1

[Event "Norderstedt op2"]
[Site "Norderstedt"]
[Date "2000.10.29"]
[Round "3"]
[White "Schuette, Andreas"]
[Black "Bohnsack, Ralf"]
[Result "1/2-1/2"]
[WhiteElo "2170"]
[BlackElo "2232"]
[PlyCount "51"]
[EventDate "2000.11.??"]
[EventType "swiss"]
[EventRounds "9"]
[EventCountry "GER"]
[SourceTitle "CBM 079 Extra"]
[Source "ChessBase"]
[SourceDate "2001.01.11"]
[SourceVersion "2"]
[SourceVersionDate "2001.01.25"]
[SourceQuality "1"]

1. Nf3 c5 2. c4 Nc6 3. d4 cxd4 4. Nxd4 Nf6 5. Nc3 g6 6. e4 Bg7 7. Be3 0-0 8. Be2 b6 9. Qd2 Bb7 10. f3 e6 11. Rd1 Qe7 12. Nxc6 Bxc6 13. Bg5 h6 14. Bh4 g5 15. Bg3 e5 16. h4 Nh5 17. Bf2 Nf4 18. g3 Ne6 19. hxg5 hxg5 20. Nd5 Bxd5 21. cxd5 Nd4 22. Be3 Rac8 23. Bxd4 exd4 24. Bd3 f5 25. 0-0 f4 26. g4 1/2-1/2

[Event "Schleswig Holstein-chA 55th"]
[Site "Bad Segeberg"]
[Date "2000.??.??"]
[Round "7"]
[White "Koop, Thilo"]
[Black "Bohnsack, Ralf"]
[Result "0-1"]
[WhiteElo "2134"]
[BlackElo "2251"]
[PlyCount "50"]
[EventDate "2000.??.??"]
[EventType "swiss"]
[EventRounds "9"]
[EventCountry "GER"]
[SourceTitle "EXT 2002"]
[Source "ChessBase"]
[SourceDate "2001.11.25"]
[SourceVersion "1"]
[SourceVersionDate "2001.11.25"]
[SourceQuality "1"]

1. e4 c5 2. Nf3 Nc6 3. Bb5 d6 4. 0-0 Bd7 5. Re1 Nf6 6. Nc3 Ne5 7. Nxe5 dxe5 8. a4 e6 9. d3 Be7 10. Bg5 0-0 11. Re3 Nd5 12. exd5 Bxg5 13. Rxe5 Bxb5 14. axb5 Bf6 15. Rh5 g6 16. Rh3 exd5 17. Qf3 Bxc3 18. bxc3 Re8 19. Qf4 Qa5 20. Rf1 Qxc3 21. g4 a5 22. bxa6 bxa6 23. Qh6 Qg7 24. Qf4 a5 25. Rd1 a4 0-1

[Event "Norderstedt IM"]
[Site "Norderstedt"]
[Date "1998.10.17"]
[Round "11"]
[White "Bohnsack, Ralf"]
[Black "Pajeken, Wolfgang"]
[Result "1/2-1/2"]
[WhiteElo "2245"]
[BlackElo "2285"]
[PlyCount "24"]
[EventDate "1998.10.??"]
[EventType "tourn"]
[EventRounds "11"]
[EventCountry "GER"]
[EventCategory "4"]
[SourceTitle "EXT 2004"]
[Source "ChessBase"]
[SourceDate "2003.11.25"]
[SourceVersion "1"]
[SourceVersionDate "2003.11.25"]
[SourceQuality "1"]

1. d4 d5 2. c4 dxc4 3. Nf3 Nf6 4. Nc3 a6 5. e4 b5 6. e5 Nd5 7. a4 e6 8. axb5 Nb6 9. bxa6 Bxa6 10. Bg5 Qd7 11. Be2 h6 12. Bh4 Bb4 1/2-1/2

[Event "Norderstedt IM"]
[Site "Norderstedt"]
[Date "1998.10.15"]
[Round "9"]
[White "Bohnsack, Ralf"]
[Black "Sislian, Hanno"]
[Result "1/2-1/2"]
[WhiteElo "2245"]
[BlackElo "2250"]
[PlyCount "23"]
[EventDate "1998.10.??"]
[EventType "tourn"]
[EventRounds "11"]
[EventCountry "GER"]
[EventCategory "4"]
[SourceTitle "EXT 2004"]
[Source "ChessBase"]
[SourceDate "2003.11.25"]
[SourceVersion "1"]
[SourceVersionDate "2003.11.25"]
[SourceQuality "1"]

1. d4 Nf6 2. Nf3 g6 3. c4 Bg7 4. Nc3 d5 5. cxd5 Nxd5 6. e4 Nxc3 7. bxc3 c5 8. Rb1 0-0 9. Be2 cxd4 10. cxd4 Qa5+ 11. Qd2 Qxd2+ 12. Bxd2 1/2-1/2